Advanced calculus for engineers (Record no. 1123)

000 -LEADER
fixed length control field 00400nam a22001577a 4500
008 - FIXED-LENGTH DATA ELEMENTS--GENERAL INFORMATION
fixed length control field 200110b ||||| |||| 00| 0 eng d
082 00 - DEWEY DECIMAL CLASSIFICATION NUMBER
Classification number 515
Item number H643
100 ## - MAIN ENTRY--PERSONAL NAME
9 (RLIN) 700
Personal name Hildebrand, F. B.
245 10 - TITLE STATEMENT
Title Advanced calculus for engineers
250 ## - EDITION STATEMENT
Edition statement 2nd
260 ## - PUBLICATION, DISTRIBUTION, ETC. (IMPRINT)
Place of publication, distribution, etc New York
Name of publisher, distributor, etc Prentice-Hall
Date of publication, distribution, etc 1950
300 ## - PHYSICAL DESCRIPTION
Extent xiii,594p.
365 ## - TRADE PRICE
Unit of pricing 34.10
650 #0 - SUBJECT ADDED ENTRY--TOPICAL TERM
Topical term or geographic name as entry element Mathematics
942 ## - ADDED ENTRY ELEMENTS (KOHA)
Item type Books
Holdings
Withdrawn status Lost status Source of classification or shelving scheme Damaged status Not for loan Permanent location Current location Date acquired Source of acquisition Full call number Barcode Date last seen Koha item type
          IMU Kolkata IMU Kolkata 1952-12-08 Asian publishing house 515 H643 00910 2020-01-10 Books
          IMU Kolkata IMU Kolkata 1952-12-08 Asian publishing house 515 H643 00911 2020-01-10 Books
Designed and Maintained by IMU-KC Library, Kolkata Campus © Copyright All Rights Reserved

webs counters

Powered by Koha